Largest Islands by Letter - L - Statistics

General Stats
  • This quiz has been taken 54 times
    34 since last reset
  • The average score is 4 of 12
Answer Stats
Area (sq km) Country Answer % Correct
109,965 Philippines Luzon
100%
1,641 Greece Lesbos
80%
3,629 United States Long Island
76%
7,368 Philippines Leyte
52%
2,086 United Kingdom Lewis and Harris
44%
4,625 Indonesia Lombok
36%
1,243 Denmark Lolland
24%
1,270 Indonesia Lembata
8%
2,057 Indonesia Laut Island
4%
1,480 Romania Letea Island
4%
1,146 France Lifou Island
4%
1,308 Canada Lougheed Island
0%
No matching quizzes found
Score Distribution
Percent of People with Each Score
Percentile by Number Answered
Your Score History
You have not taken this quiz since the last reset